000 00288nam a2200109Ia 4500
008 200302s9999 xx 000 0 und d
100 _aAnibal Costa and Others
245 _aStructural Rehabilitation of old Buildings
260 _bSpringer Verlag Published
260 _c2014
300 _a348
999 _c3672
_d3672